[Event "Bratislava exe op"]
[Site "Bratislava"]
[Date "2023.09.15"]
[Round "1"]
[White "Slobodiansky, Steven"]
[Black "Takacs, Zsolt"]
[Result "1-0"]
[WhiteElo "2229"]
[BlackElo "1637"]
[PlyCount "87"]
[EventDate "2023.09.15"]
[EventType "swiss"]
[EventRounds "9"]
[EventCountry "SVK"]
[SourceTitle "EXT 2024"]
[Source "ChessBase"]
[SourceDate "2023.10.10"]
[SourceVersion "1"]
[SourceVersionDate "2023.10.10"]
[SourceQuality "1"]

1. e4 c5 2. Nf3 Nc6 3. Bb5 d6 4. Bxc6+ bxc6 5. 0-0 e5 6. c3 Bg4 7. h3 Bxf3 8. Qxf3 Be7 9. Qg3 g6 10. f4 exf4 11. Qxf4 Nf6 12. d3 0-0 13. Qf3 Nh5 14. Bh6 Ng7 15. Na3 Bg5 16. Bxg5 Qxg5 17. Nc4 d5 18. Na5 Rac8 19. Rae1 Qd8 20. Nb3 Qb6 21. Qf2 Ne6 22. c4 dxc4 23. dxc4 Rcd8 24. Rd1 Rxd1 25. Rxd1 Qb4 26. Qc2 Qa4 27. Qc3 Nd4 28. Rd2 Nxb3 29. axb3 Qa1+ 30. Kf2 Qa6 31. Rd7 Qb6 32. e5 Qb8 33. Kg1 Rd8 34. Rxd8+ Qxd8 35. Qe3 Qd1+ 36. Kh2 Kg7 37. Qxc5 Qxb3 38. Qxc6 Qxb2 39. Qf6+ Kg8 40. c5 Qc3 41. c6 a5 42. Qd6 Qe3 43. e6 fxe6 44. c7 1-0

[Event "Bratislava Slovan op"]
[Site "Bratislava"]
[Date "2019.05.06"]
[Round "7"]
[White "Takacs, Zsolt"]
[Black "Rezak, Milan"]
[Result "1/2-1/2"]
[WhiteElo "1796"]
[BlackElo "1909"]
[PlyCount "41"]
[EventDate "2019.05.01"]
[EventType "swiss"]
[EventRounds "9"]
[EventCountry "SVK"]
[SourceTitle "CBM 190 Extra"]
[Source "ChessBase"]
[SourceDate "2019.07.15"]
[SourceVersion "1"]
[SourceVersionDate "2019.07.15"]
[SourceQuality "1"]

1. e4 c6 2. d4 d5 3. exd5 cxd5 4. Nf3 Bg4 5. Be2 e6 6. 0-0 Nf6 7. Ne5 Bxe2 8. Qxe2 Nc6 9. Nxc6 bxc6 10. Bg5 Be7 11. c3 0-0 12. Nd2 Qc7 13. b4 a5 14. a3 a4 15. h3 h6 16. Bh4 Qf4 17. Bxf6 Qxf6 18. Nf3 Bd6 19. Ne5 Bxe5 20. Qxe5 Qxe5 21. dxe5 1/2-1/2

[Event "Bratislava Slovan op"]
[Site "Bratislava"]
[Date "2018.05.03"]
[Round "9"]
[White "Takacs, Zsolt"]
[Black "Duraj, Jan"]
[Result "0-1"]
[WhiteElo "1766"]
[BlackElo "1913"]
[PlyCount "78"]
[EventDate "2018.04.27"]
[EventType "swiss"]
[EventRounds "9"]
[EventCountry "SVK"]
[SourceTitle "EXT 2023"]
[Source "ChessBase"]
[SourceDate "2022.10.05"]
[SourceVersion "1"]
[SourceVersionDate "2022.10.05"]
[SourceQuality "1"]

1. e4 e5 2. Nf3 Nc6 3. d4 exd4 4. Nxd4 Bc5 5. Be3 Qf6 6. c3 Nge7 7. Bb5 Qg6 8. 0-0 d6 9. Nxc6 bxc6 10. Bxc5 cxb5 11. Ba3 Bh3 12. Qf3 Bg4 13. Qd3 0-0 14. h3 Be6 15. f4 Bc4 16. f5 Bxd3 17. fxg6 Bxf1 18. gxh7+ Kxh7 19. Kxf1 Nc6 20. Nd2 a5 21. b3 f5 22. Kg1 f4 23. Nf3 Rfe8 24. Re1 b4 25. Bb2 Ne5 26. Nxe5 dxe5 27. c4 Rad8 28. a3 Rd2 29. Bc1 Rd3 30. axb4 axb4 31. Kf2 Ra8 32. Re2 Kg6 33. Rd2 Rxd2+ 34. Bxd2 Ra2 35. Ke1 c5 36. Kd1 Rb2 37. Kc1 Rxb3 38. Be1 Kf7 39. Kc2 Re3 0-1

[Event "Bratislava Slovan op"]
[Site "Bratislava"]
[Date "2018.04.28"]
[Round "2"]
[White "Kulik, Juraj"]
[Black "Takacs, Zsolt"]
[Result "0-1"]
[WhiteElo "1559"]
[BlackElo "1766"]
[PlyCount "108"]
[EventDate "2018.04.27"]
[EventType "swiss"]
[EventRounds "9"]
[EventCountry "SVK"]
[SourceTitle "EXT 2023"]
[Source "ChessBase"]
[SourceDate "2022.10.05"]
[SourceVersion "1"]
[SourceVersionDate "2022.10.05"]
[SourceQuality "1"]

1. d4 d5 2. c4 dxc4 3. Qa4+ Bd7 4. Qxc4 e6 5. Nf3 Nc6 6. a3 h6 7. e3 Nf6 8. Bd3 Na5 9. Qc3 b6 10. b4 Nb7 11. 0-0 c5 12. b5 Rc8 13. Qd2 c4 14. Be2 Bxb5 15. Nc3 Ba6 16. Bb2 Na5 17. Bd1 Bd6 18. Bc2 0-0 19. Rfd1 Bb7 20. Qe2 Qe7 21. e4 Bb8 22. e5 Nh7 23. d5 exd5 24. Nxd5 Bxd5 25. Rxd5 Rfd8 26. Rad1 Rxd5 27. Rxd5 c3 28. Qd3 Nf8 29. Bc1 Qe6 30. Bf4 Nc6 31. h3 Ne7 32. Rd8 Neg6 33. Rxc8 Qxc8 34. Bg3 Qc5 35. Qe4 Qxa3 36. h4 Qc5 37. h5 Ne7 38. Nd4 Qd5 39. e6 Qxe4 40. exf7+ Kxf7 41. Bxe4 Bxg3 42. fxg3 a6 43. Ne2 Kf6 44. Nxc3 Ke5 45. Bb7 a5 46. Ba6 Ne6 47. Na4 Nd5 48. Kf2 Nec7 49. Bd3 Kd4 50. Be2 Nc3 51. Nxb6 Nxe2 52. Kxe2 Nd5 53. Na4 Nc3+ 54. Nxc3 Kxc3 0-1

[Event "SVK-chT3A2 1718"]
[Site "Slovakia"]
[Date "2018.03.25"]
[Round "11.6"]
[White "Rachela, Jozef"]
[Black "Takacs, Zsolt"]
[Result "1-0"]
[WhiteElo "2034"]
[BlackElo "1751"]
[PlyCount "101"]
[EventDate "2017.10.08"]
[EventType "team-tourn"]
[EventRounds "11"]
[EventCountry "SVK"]
[SourceTitle "EXT 2020"]
[Source "ChessBase"]
[SourceDate "2019.10.17"]
[SourceVersion "1"]
[SourceVersionDate "2019.10.17"]
[SourceQuality "1"]
[WhiteTeam "Dunajska Streda II"]
[BlackTeam "Gbely Nafta II"]
[WhiteTeamCountry "SVK"]
[BlackTeamCountry "SVK"]

1. e4 c5 2. Nf3 Nc6 3. c4 e5 4. Nc3 d6 5. g3 Nf6 6. Bg2 Be7 7. d3 h6 8. 0-0 0-0 9. a3 a5 10. Nb5 Na7 11. Nc3 Bd7 12. Ne1 b5 13. f4 bxc4 14. dxc4 exf4 15. Bxf4 Bc6 16. Nc2 Ne8 17. Qe2 Bf6 18. Rad1 Qe7 19. Rfe1 Rb8 20. Ne3 Bd4 21. Kh1 Bxe3 22. Bxe3 Nc7 23. Rd2 f5 24. Bf4 Rbd8 25. Qd1 Nc8 26. exf5 Bxg2+ 27. Kxg2 Qf7 28. Bxd6 Nxd6 29. Rxd6 Rxd6 30. Qxd6 Qxf5 31. Qd2 Qf3+ 32. Kg1 Kh8 33. Qe2 Qf7 34. Rf1 Qg8 35. Rxf8 Qxf8 36. Qe5 Na6 37. Nd5 Qf3 38. Ne3 Qe2 39. Qc3 Qf3 40. Nd5 Qd1+ 41. Kf2 Qb1 42. Nf4 Nb8 43. Qe5 Qc2+ 44. Qe2 Qb3 45. Ng6+ Kh7 46. Ne7 Kh8 47. Qe6 Qxb2+ 48. Kg1 Qd4+ 49. Kg2 Qd8 50. Kh3 Qd7 51. Ng6+ 1-0

[Event "SVK-chT3A2 1718"]
[Site "Slovakia"]
[Date "2017.12.17"]
[Round "6.3"]
[White "Takacs, Zsolt"]
[Black "Sarkozi, Szabolcs"]
[Result "1/2-1/2"]
[WhiteElo "1751"]
[BlackElo "1677"]
[PlyCount "114"]
[EventDate "2017.10.08"]
[EventType "team-tourn"]
[EventRounds "11"]
[EventCountry "SVK"]
[SourceTitle "EXT 2020"]
[Source "ChessBase"]
[SourceDate "2019.10.17"]
[SourceVersion "1"]
[SourceVersionDate "2019.10.17"]
[SourceQuality "1"]
[WhiteTeam "Gbely Nafta II"]
[BlackTeam "Potonska Veza II"]
[WhiteTeamCountry "SVK"]
[BlackTeamCountry "SVK"]

1. e4 c5 2. Nf3 e6 3. d4 cxd4 4. Nxd4 a6 5. Nb3 Nc6 6. g3 Nf6 7. Bg2 Be7 8. 0-0 0-0 9. Nc3 Qc7 10. a3 d6 11. Be3 b5 12. Re1 Bb7 13. f4 Rfd8 14. Qe2 Rac8 15. Rad1 Nb8 16. Rd2 Nbd7 17. Red1 Nb6 18. Bxb6 Qxb6+ 19. Qf2 Qc7 20. f5 e5 21. Qe2 Nd7 22. Nc1 Nb6 23. Nxb5 axb5 24. Qxb5 Bc6 25. Qd3 Nd7 26. b4 Bg5 27. Re2 Bxc1 28. Rxc1 Qb6+ 29. Qe3 Bb5 30. Ree1 Rc3 31. Qxb6 Nxb6 32. Red1 Rxa3 33. Bf1 Bxf1 34. Kxf1 Nc4 35. Rd3 Rxd3 36. cxd3 Na3 37. Rc3 Nb5 38. Rb3 Nd4 39. Rb1 Kf8 40. Kf2 Rb8 41. Rb2 Ke7 42. g4 Rb5 43. g5 Nc6 44. Rc2 Kd7 45. h4 Nxb4 46. Rc3 Nc6 47. h5 f6 48. gxf6 gxf6 49. Ra3 Rb8 50. Kg3 Rg8+ 51. Kh4 h6 52. Ra4 Kc7 53. Rc4 Kb6 54. Rc1 Kb5 55. Rb1+ Nb4 56. Rd1 Kc5 57. Rc1+ Kb5 1/2-1/2